书目信息 |
| 题名: |
明清俗语辞书集成
|
|
| 作者: | 长泽规矩也 编 | |
| 分册: | 2 | |
| 出版信息: | 上海 上海古籍出版社 1989.11 |
|
| 页数: | 3册(2498,543页) | |
| 开本: | 20cm | |
| 丛书名: | ||
| 单 册: | ||
| 中图分类: | H136.4 , H136.4-61 | |
| 科图分类: | ||
| 主题词: | 俚语--中国--明清时代--词典 , 词典-俚语--中国--明清时代 | |
| 电子资源: | ||
| ISBN: | 7-5325-0490-5 | |
| 000 | 00822nam0 2200253 45 | |
| 001 | 0190000799 | |
| 005 | 20061102151903.85 | |
| 010 | @a7-5325-0490-5@b精装@dCNY77.00 | |
| 100 | @a19921104e1989 kemy0chiy0121 ea | |
| 101 | 0 | @achi |
| 102 | @aCN@b310000 | |
| 105 | @ay e 001yy | |
| 200 | 10 | @a明清俗语辞书集成@h2@AMING QING SU YU CI SHU JI CHENG@f(日)长泽规矩也编@F( RI ) CHANG ZE GUI JU YE BIAN |
| 205 | @b影印本 | |
| 210 | @a上海@c上海古籍出版社@d1989.11 | |
| 215 | @a3册(2498,543页)@d20cm | |
| 540 | 1 | @a明清 俗语 辞书 集成@AMING QING SU YU CI SHU JI CHENG |
| 606 | @a俚语@y中国@z明清时代@x词典 | |
| 606 | @a词典-俚语@y中国@z明清时代 | |
| 690 | @aH136.4@v3 | |
| 690 | @aH136.4-61@v三版 | |
| 701 | 0 | @a长泽规矩也@ACHANG ZE GUI JU YE@4编 |
| 801 | 0 | @aCN@bTSSF@c20061102 |
| 905 | @a10447@dH136.4@e163:2 | |
| 明清俗语辞书集成.2/(日)长泽规矩也编.-影印本.-上海:上海古籍出版社,1989.11 |
| 3册(2498,543页);20cm |
| ISBN 7-5325-0490-5(精装):CNY77.00 |
| ● |
| 相关链接 |
|
|
|
|
正题名:明清俗语辞书集成
索取号:H136.4/163:2
 
预约/预借
| 序号 | 登录号 | 条形码 | 馆藏地/架位号 | 状态 | 备注 |
| 1 | 0231392 | 202074450 | 第二样本阅览室/ [索取号:H136.4/163:2] | 在馆 |